Committing to results : (Record no. 11415)
[ view plain ]
| 000 -LEADER | |
|---|---|
| fixed length control field | 00739cam a22002294a 4500 |
| 020 ## - INTERNATIONAL STANDARD BOOK NUMBER | |
| ISBN | 9780821363881 (pbk.) |
| 020 ## - INTERNATIONAL STANDARD BOOK NUMBER | |
| ISBN | 0821363883 (pbk.) |
| 040 ## - CATALOGING SOURCE | |
| Transcribing agency | DLC |
| 082 00 - DEWEY DECIMAL CLASSIFICATION NUMBER | |
| Classification number | 362 WOR 2005 A015 Or. |
| 245 00 - TITLE STATEMENT | |
| Title | Committing to results : |
| Remainder of title | improving the effectiveness of HIV/AIDS assistance : an OED evaluation of the World Bank's assistance for HIV/AIDS control / |
| 260 ## - PUBLICATION, DISTRIBUTION, ETC. (IMPRINT) | |
| Place of publication | Washington, D.C. : |
| Name of publisher | World Bank, |
| Year of publication | 2005. |
| 300 ## - PHYSICAL DESCRIPTION | |
| Number of Pages | xx, 250 p. : |
| Other physical details | ill. ; |
| Dimensions | 28 cm. |
| 500 ## - GENERAL NOTE | |
| General note | Task leader: Martha Ainsworth. |
| 650 #0 - SUBJECT ADDED ENTRY--TOPICAL TERM | |
| Topical Term | Economic assistance |
| 650 #0 - SUBJECT ADDED ENTRY--TOPICAL TERM | |
| Topical Term | AIDS (Disease) |
| 650 #0 - SUBJECT ADDED ENTRY--TOPICAL TERM | |
| Topical Term | HIV infections |
| 650 #0 - SUBJECT ADDED ENTRY--TOPICAL TERM | |
| Topical Term | AIDS (Disease) |
| 650 #0 - SUBJECT ADDED ENTRY--TOPICAL TERM | |
| Topical Term | HIV infections |
| 700 1# - ADDED ENTRY--PERSONAL NAME | |
| Personal name | Ainsworth, Martha, |
| 710 2# - ADDED ENTRY--CORPORATE NAME | |
| Corporate name or jurisdiction name as entry element | World Bank. |
| 942 ## - ADDED ENTRY ELEMENTS (KOHA) | |
| Koha item type | សៀវភៅភាសាអង់គ្លេស |
| 952 ## - LOCATION AND ITEM INFORMATION (KOHA) | |
| Withdrawn status [LOCAL, KOHA] | 0 |
| Permanent Location | Date acquired | Koha item type | Lost status | Shelving location | Barcode | Current Location | Full call number |
|---|---|---|---|---|---|---|---|
| Library Block A | 2017-10-06 | សៀវភៅភាសាអង់គ្លេស | A066 | A21237 | Library Block A | 362 WOR 2005 A066 Or. |